<?xml version="1.0" encoding="UTF-8"?>
<record
    xmlns:xsi="http://www.w3.org/2001/XMLSchema-instance"
    xsi:schemaLocation="http://www.loc.gov/MARC21/slim http://www.loc.gov/standards/marcxml/schema/MARC21slim.xsd"
    xmlns="http://www.loc.gov/MARC21/slim">

  <leader>01171nam a2200277 a 4500</leader>
  <controlfield tag="001">000044992</controlfield>
  <controlfield tag="003">DO-SdBNP</controlfield>
  <controlfield tag="005">20231128103406.0</controlfield>
  <controlfield tag="007">000044992</controlfield>
  <controlfield tag="008">150128s2008 dr a 000 0 spa d</controlfield>
  <datafield tag="020" ind1=" " ind2=" ">
    <subfield code="a">9789945442540</subfield>
  </datafield>
  <datafield tag="040" ind1=" " ind2=" ">
    <subfield code="a">BPMSU</subfield>
    <subfield code="b">spa</subfield>
    <subfield code="c">BPMSU</subfield>
  </datafield>
  <datafield tag="082" ind1=" " ind2="4">
    <subfield code="a">A863.08</subfield>
    <subfield code="b">C965a 2008</subfield>
    <subfield code="2">22</subfield>
  </datafield>
  <datafield tag="092" ind1=" " ind2=" ">
    <subfield code="a"> </subfield>
    <subfield code="b"> </subfield>
  </datafield>
  <datafield tag="245" ind1="0" ind2="0">
    <subfield code="a">Cuentos de animales fant&#xE1;sticos para ni&#xF1;os /</subfield>
    <subfield code="c">edici&#xF3;n ; Rosanela &#xC1;lvarez.</subfield>
  </datafield>
  <datafield tag="260" ind1=" " ind2=" ">
    <subfield code="a">Santo Domingo :</subfield>
    <subfield code="b">Editora Taller,</subfield>
    <subfield code="c">2008</subfield>
  </datafield>
  <datafield tag="300" ind1=" " ind2=" ">
    <subfield code="a">106 p. :</subfield>
    <subfield code="b">il. ;</subfield>
    <subfield code="c">22 cm.</subfield>
  </datafield>
  <datafield tag="490" ind1="0" ind2=" ">
    <subfield code="a">Coedici&#xF3;n latinoamericana</subfield>
  </datafield>
  <datafield tag="505" ind1="0" ind2=" ">
    <subfield code="t">La Boitat&#xE1; (Brasil) --</subfield>
    <subfield code="t">El hombre caim&#xE1;n (Colombia) --</subfield>
    <subfield code="t">Las guacamayas (Ecuador) --</subfield>
    <subfield code="t">El caballito de sieto colores (Guatemala) --</subfield>
    <subfield code="t">El murci&#xE9;lago (M&#xE9;xico) --</subfield>
    <subfield code="t">El lagarto de oro (Nicaragua) --</subfield>
    <subfield code="t">El Amaru (Per&#xFA;) --</subfield>
    <subfield code="t">El p&#xE1;jaro Inriri, fabricante de mujeres (Puerto Rico) --</subfield>
    <subfield code="t">La novia del pececito (Rep&#xFA;blica Dominicana) --</subfield>
    <subfield code="t">Blanca y el Salvaje (Venezuela).</subfield>
  </datafield>
  <datafield tag="590" ind1=" " ind2=" ">
    <subfield code="a">Inventariado, 2023/VM</subfield>
  </datafield>
  <datafield tag="650" ind1=" " ind2="4">
    <subfield code="a">Cuentos intantiles latinoamericanos </subfield>
  </datafield>
  <datafield tag="650" ind1=" " ind2="4">
    <subfield code="a">Literatura latinoamericana </subfield>
  </datafield>
  <datafield tag="700" ind1="1" ind2=" ">
    <subfield code="a">&#xC1;lvarez, Rosanela</subfield>
    <subfield code="e">ed.</subfield>
  </datafield>
  <datafield tag="910" ind1=" " ind2=" ">
    <subfield code="a">VMateo V./Control de calidad. BPMSU</subfield>
  </datafield>
  <datafield tag="942" ind1=" " ind2=" ">
    <subfield code="2">ddc</subfield>
    <subfield code="c">BK</subfield>
  </datafield>
  <datafield tag="952" ind1=" " ind2=" ">
    <subfield code="0">0</subfield>
    <subfield code="1">0</subfield>
    <subfield code="2">ddc</subfield>
    <subfield code="4">0</subfield>
    <subfield code="7">0</subfield>
    <subfield code="8">CI-D</subfield>
    <subfield code="a">BPMET</subfield>
    <subfield code="b">BPMET</subfield>
    <subfield code="d">2015-01-29</subfield>
    <subfield code="e"> </subfield>
    <subfield code="o">BPMSU CDI A863.08 C965a 2008</subfield>
    <subfield code="p">BPMSU15040912</subfield>
    <subfield code="r">2015-01-29</subfield>
    <subfield code="t"> </subfield>
    <subfield code="w">2015-01-29</subfield>
    <subfield code="y">BK</subfield>
  </datafield>
  <datafield tag="952" ind1=" " ind2=" ">
    <subfield code="0">0</subfield>
    <subfield code="1">0</subfield>
    <subfield code="2">ddc</subfield>
    <subfield code="4">0</subfield>
    <subfield code="7">0</subfield>
    <subfield code="8">CI-D</subfield>
    <subfield code="a">BPMET</subfield>
    <subfield code="b">BPMET</subfield>
    <subfield code="d">2015-01-29</subfield>
    <subfield code="e"> </subfield>
    <subfield code="o">BPMSU CDI A863.08 C965a 2008</subfield>
    <subfield code="p">BPMSU15040913</subfield>
    <subfield code="r">2015-01-29</subfield>
    <subfield code="t">e.2 </subfield>
    <subfield code="w">2015-01-29</subfield>
    <subfield code="y">BK</subfield>
  </datafield>
  <datafield tag="952" ind1=" " ind2=" ">
    <subfield code="0">0</subfield>
    <subfield code="1">0</subfield>
    <subfield code="2">ddc</subfield>
    <subfield code="4">0</subfield>
    <subfield code="7">0</subfield>
    <subfield code="8">CI-D</subfield>
    <subfield code="a">BPMET</subfield>
    <subfield code="b">BPMET</subfield>
    <subfield code="d">2015-01-29</subfield>
    <subfield code="e"> </subfield>
    <subfield code="o">BPMSU CDI A863.08 C965a 2008</subfield>
    <subfield code="p">BPMSU15040914</subfield>
    <subfield code="r">2015-01-29</subfield>
    <subfield code="t">e.3</subfield>
    <subfield code="w">2015-01-29</subfield>
    <subfield code="y">BK</subfield>
  </datafield>
  <datafield tag="999" ind1=" " ind2=" ">
    <subfield code="c">7282</subfield>
    <subfield code="d">7282</subfield>
  </datafield>
</record>
